|
|
|
|
| LEADER |
01055nam a2200241 a 4500 |
| 001 |
1598181 |
| 008 |
090826s1994 si a b 001 0 eng d |
| 010 |
|
|
|a \\\94034414
|
| 020 |
|
|
|a 9810215509
|
| 040 |
|
|
|a DLC
|c DLC
|d DLC
|
| 082 |
0 |
0 |
|a 515/.353
|2 20
|
| 100 |
1 |
|
|a Begehr, Heinrich G. W.
|
| 245 |
1 |
0 |
|a Complex analytic methods for partial differential equations :
|b an introductory text /
|c Heinrich G.W. Begehr.
|
| 260 |
|
|
|a Singapore ;
|a River Edge, N.J. :
|b World Scientific,
|c c1994.
|
| 300 |
|
|
|a ix, 273 p. :
|b ill. ;
|c 23 cm.
|
| 504 |
|
|
|a Includes bibliographical references (p. 257-266) and index.
|
| 541 |
1 |
|
|e 00014652
|
| 650 |
|
0 |
|a Differential equations, Partial
|x Numerical solutions.
|
| 650 |
|
0 |
|a Functions of complex variables.
|
| 650 |
|
0 |
|a Mathematical analysis.
|
| 852 |
4 |
|
|a Ayesha Abed Library
|j General shelf
|
| 999 |
|
|
|c 3551
|d 3551
|
| 952 |
|
|
|0 0
|1 0
|2 ddc
|4 0
|6 515_353000000000000_BEG_1994
|7 0
|9 3223
|a BRACUL
|b BRACUL
|c GEN
|d 2009-09-02
|g 0.00
|l 1
|o 515.353 BEG
|p 3010014652
|r 2013-03-24
|s 2013-03-24
|t 1
|w 2009-09-02
|y BK
|x No price found in the accession register.
|